书目信息 |
| 题名: |
失落的文明
|
|
| 作者: | 吴宁宁 , 熊志勇 编著 ;董文俊 编著 | |
| 分册: | ||
| 出版信息: | 北京 光明日报出版社 2005 |
|
| 页数: | 239页 | |
| 开本: | 23cm | |
| 丛书名: | ||
| 单 册: | ||
| 中图分类: | K103 | |
| 科图分类: | ||
| 主题词: | 文化史 , 文化史--世界--通俗读物 | |
| 电子资源: | ||
| ISBN: | 7-80145-959-8 | |
| 000 | 00878nam0 2200265 450 | |
| 001 | 002949197 | |
| 005 | 20061122155232.81 | |
| 010 | @a7-80145-959-8@dCNY38.00 | |
| 100 | @a20050818d2005 em y0chiy0110 ea | |
| 101 | 0 | @achi |
| 102 | @aCN@b110000 | |
| 105 | @aa z 000yy | |
| 200 | 1 | @a失落的文明@9shi luo de wen ming@f熊志勇,董文俊,吴宁宁编著 |
| 210 | @a北京@c光明日报出版社@d2005 | |
| 215 | @a239页@c图@d23cm | |
| 330 | @a本书分为觅祖寻根、文明溯源、咀嚼天书、古墓探访、王陵考古、废都揭秘、水底钩沉、古迹拾贝、奇观透视、文物撷珍共十个部分内容。 | |
| 510 | 1 | @aThe Disappeared Literacy@zeng |
| 606 | 0 | @a文化史 |
| 606 | 0 | @a文化史@y世界@j通俗读物 |
| 690 | @aK103@v4 | |
| 701 | 0 | @a吴宁宁@9wu ning ning@4编著 |
| 701 | 0 | @a熊志勇@9xiong zhi yong@4编著 |
| 702 | 0 | @a董文俊@9dong wen jun@c(文化史)@4编著 |
| 801 | 0 | @aCN@bNLC@c20061122 |
| 905 | @a10447@dK103@e132 | |
| 失落的文明/熊志勇,董文俊,吴宁宁编著.-北京:光明日报出版社,2005 |
| 239页:图;23cm |
| ISBN 7-80145-959-8:CNY38.00 |
| 本书分为觅祖寻根、文明溯源、咀嚼天书、古墓探访、王陵考古、废都揭秘、水底钩沉、古迹拾贝、奇观透视、文物撷珍共十个部分内容。 |
| ● |
| 相关链接 |
|
|
|
|
正题名:失落的文明
索取号:K103/132
 
预约/预借
| 序号 | 登录号 | 条形码 | 馆藏地/架位号 | 状态 | 备注 |
| 1 | 0390790 | 203907905 | 第二样本阅览室/ [索取号:K103/132] | 在馆 | |
| 2 | 0390791 | 203907914 | 第二借阅区/ [索取号:K103/132] | 在馆 | |
| 3 | 0390792 | 203907923 | 第二借阅区/ [索取号:K103/132] | 在馆 | |
| 4 | 0390793 | 203907932 | 第二借阅区/ [索取号:K103/132] | 在馆 | |
| 5 | 0390794 | 203907941 | 第二借阅区/ [索取号:K103/132] | 在馆 |